| 000 | 00445nam a2200133Ia 4500 | ||
|---|---|---|---|
| 008 | 150610s9999 xx 000 0 und d | ||
| 020 | _a0 824518888 | ||
| 050 |
_aBX2350.3 _b.N68 2004 |
||
| 100 | _aNouwen, Henri J. M. | ||
| 245 |
_aFinding my way home: _bpathways to life and spirit / _cHenri J.M. Nouwen. |
||
| 260 |
_aQuezon City, Philippines : _bClaretians Publications, _c2004. |
||
| 300 |
_a157pages ; _c19 cm. |
||
| 520 | _aChristian authors. | ||
| 999 |
_c287980 _d287980 |
||